000
00329nam a2200133Ia 4500
008
240624s9999 xx 000 0 und d
041
_a
eng
082
_a
920 BEA
100
_a
BEAHM GEORGE
245
_a
STEVE JOBS LIFE BY DESIGN
260
_c
2014
_a
Mumbai
_b
Jaico Books
300
_a
x, : 226 : p. : cm. ; 19
365
_c
RS
_b
35
999
_c
26773
_d
26773